| 000 | 00722nam a2200217 a 4500 | ||
|---|---|---|---|
| 005 | 20210223124716.0 | ||
| 008 | 020912s1995 mx r 000 0 spa d | ||
| 020 | _a8477383340 | ||
| 035 | _aUPN01000119113 | ||
| 049 | _aCG | ||
| 050 | 4 |
_aHE5614.5 E5 _bS4.3 |
|
| 245 | 0 | 0 |
_aSeguridad vial : _bdel factor humano a las nuevas tecnologías / _ced. Luis Montero González. |
| 260 |
_aMadrid : _bSíntesis, _c1995. |
||
| 300 |
_a478 p. : _bil. |
||
| 440 | 0 |
_aSíntesis psicologia. _pPsicología y mundo actual ; _v1 |
|
| 650 | 4 |
_aSEGURIDAD VIAL - _zESPAÑA |
|
| 650 | 4 | _aINVESTIGACION DE ACCIDENTES DE TRANSITO | |
| 650 | 4 |
_aINGENIERIA DEL TRANSITO - _zESPAÑA _940 |
|
| 700 | 1 |
_aMontero Gonzalez, Luis, _eed. |
|
| 905 | _aLibro | ||
| 999 |
_c91471 _d91471 |
||